A durable peace : (Record no. 10736)
[ view plain ]
| 000 -LEADER | |
|---|---|
| fixed length control field | 00989cam a22003134a 4500 |
| 001 - CONTROL NUMBER | |
| control field | 41017446 |
| 003 - CONTROL NUMBER IDENTIFIER | |
| control field | OCoLC |
| 005 - DATE AND TIME OF LATEST TRANSACTION | |
| control field | 20210303151641.0 |
| 008 - FIXED-LENGTH DATA ELEMENTS--GENERAL INFORMATION | |
| fixed length control field | 990312s2000 nyub b 001 0 eng |
| 010 ## - LIBRARY OF CONGRESS CONTROL NUMBER | |
| LC control number | 99022713 |
| 020 ## - INTERNATIONAL STANDARD BOOK NUMBER | |
| International Standard Book Number | 0446523062 |
| 040 ## - CATALOGING SOURCE | |
| Original cataloging agency | DLC |
| Transcribing agency | DLC |
| Modifying agency | C#P |
| -- | OUN |
| 043 ## - GEOGRAPHIC AREA CODE | |
| Geographic area code | a-is--- |
| 050 00 - LIBRARY OF CONGRESS CALL NUMBER | |
| Classification number | DS119.6 |
| Item number | N469D |
| 082 ## - DEWEY DECIMAL CLASSIFICATION NUMBER | |
| Item number | N469D |
| 100 1# - MAIN ENTRY--PERSONAL NAME | |
| Personal name | Netanyahu, Binyamin |
| 245 12 - TITLE STATEMENT | |
| Title | A durable peace : |
| Remainder of title | Israel and its place among the nations / |
| Statement of responsibility, etc. | Benjamin Netanyahu |
| 250 ## - EDITION STATEMENT | |
| Edition statement | Warner Books ed |
| 260 ## - PUBLICATION, DISTRIBUTION, ETC. | |
| Place of publication, distribution, etc. | New York : |
| Name of publisher, distributor, etc. | Warner Books, |
| Date of publication, distribution, etc. | c2000 |
| 300 ## - PHYSICAL DESCRIPTION | |
| Extent | xxiii, 482 p. : |
| Other physical details | maps ; |
| Dimensions | 24 cm |
| 500 ## - GENERAL NOTE | |
| General note | Rev. ed. of: A place among the nations. 1993 |
| 504 ## - BIBLIOGRAPHY, ETC. NOTE | |
| Bibliography, etc. note | Includes bibliographical references (p. [443]-463) and index |
| 650 #0 - SUBJECT ADDED ENTRY--TOPICAL TERM | |
| Topical term or geographic name entry element | Arab-Israeli conflict |
| 650 #0 - SUBJECT ADDED ENTRY--TOPICAL TERM | |
| Topical term or geographic name entry element | Arab-Israeli conflict |
| Chronological subdivision | 1993- |
| General subdivision | Peace |
| 650 #0 - SUBJECT ADDED ENTRY--TOPICAL TERM | |
| Topical term or geographic name entry element | Zionism |
| General subdivision | History |
| 651 #0 - SUBJECT ADDED ENTRY--GEOGRAPHIC NAME | |
| Geographic name | Israel |
| General subdivision | Foreign relations |
| 700 1# - ADDED ENTRY--PERSONAL NAME | |
| Personal name | Netanyahu, Binyamin. |
| Title of a work | Place among the nations |
| 942 ## - ADDED ENTRY ELEMENTS (KOHA) | |
| Source of classification or shelving scheme | Dewey Decimal Classification |
| Koha item type | Books |
| Withdrawn status | Lost status | Source of classification or shelving scheme | Damaged status | Not for loan | Collection code | Home library | Current library | Shelving location | Date acquired | Full call number | Barcode | Date last seen | Price effective from | Koha item type |
|---|---|---|---|---|---|---|---|---|---|---|---|---|---|---|
| Dewey Decimal Classification | Non-fiction | Harvest Mission College | Harvest Mission College | General Stacks | 04.03.2021 | 327.56 N469D | 012532 | 03.08.2021 | 03.08.2021 | Books |
